000 00500nam a2200181Ia 4500
005 20250508160514.0
008 008 250505s9999 xx 000 0 eng d
037 _aTextual
040 _aFEDL
_beng
_cFEDL
041 _aeng
_2eng
084 _a370.1, MIL
_qFEDL
245 0 _aEducation in a changing society
260 _aLudhiana, India
_bLyall Book Depot
_c1963
300 _a166p.
650 _aEducation - Philosophy
942 _cTEXL
_h370.1, MIL
999 _c1365030
_d1365030